000
00277nam a22001097a 4500
082
_a
621.319 STR'P
100
_a
VOPAT, W. A,STROTZKI, B. G. A
_9
77919
245
_a
POWER STATION ENGINEERING AND ECONOMY
260
_a
NEWYORK
_b
MCGRAW HILL
_c
1960
300
_a
751P
942
_c
BK
999
_c
583097
_d
583097